| 000 | 00393nam a2200145Ia 4500 | ||
|---|---|---|---|
| 008 | 211109s9999||||xx |||||||||||||| ||und|| | ||
| 082 |
_a512.14 _bMOR-G |
||
| 100 | _aMorris, I H | ||
| 245 | 0 | _aGeometrical Drawings | |
| 260 |
_bOrient Longmans _aNew Delhi _c1956 |
||
| 300 | _a215p. | ||
| 630 | _xGeneral Stack | ||
| 650 |
_amathematics _vgeometrygeometrical drawing _xGeneralia |
||
| 942 | _cBOOK | ||
| 999 |
_c18364 _d18364 |
||